000 02480nam a2200217Ia 4500
003 Ost
005 20260507075725.0
008 260507s9999||||xx |||||||||||||| ||und||
040 _cfsecg
041 _aara
082 _a512
100 _aجهيمة، رمضان محمد
_eمؤلف
245 0 _aالجبر المجرد /
_c رمضان محمد جهيمة
260 _aبيروت:
_bدار الكتاب الجديد المتحدة,
_c2000
300 _a327 صفحة؛
_c24 سم
520 _aوهذا الكتاب يعتبر مدخلاً جيداً لموضوعات الجبر المجرد أو للاستخدام في العلوم الأخرى أو في تعلم الموضوع نفسه. وذلك لأن المؤلف قد تعرض فيه للمواضيع الرئيسية بأسلوب يغلب عليه الوضوح والبساطة والعمق في البحث. كما وأضاف الكثير من الأمثلة مع الحلول لتوضيح الأفكار المدروسة، كما ذُيِّل كل بند بالعديد من التمارين. وإضافة إلى ذلك ذُيل كل فصل بتمارين كثيرة ومتدرجة في الصعوبة حتى يختبر الطالب مقدرته على فهم واستنتاج الموضوع الذي تناوله، ويتم ذلك بتحضير القارئ للموضوعات اللاحقة. والكتاب يحتوي على ستة فصول جاءت موضوعاتها كما يلي: الفصل الأول والثاني احتوى على المبادئ العامة لنظرية المجموعات. أما في الفصلين الثالث والرابع فتمّ التركيز على نظرية الزمر باعتبارها مجموعة تحت تأثير عملية ثنائية واحدة تتصف بخواص معينة. أما الفصل الخامس فتعرض للحلقات باعتبارها مجموعة تحت تأثير عمليتين ثنائيتين بشروط معينة. في حين يتضمن الفصل السادس والأخير المجالات وحلقات الحدوديات. كما يحتوي الكتاب في نهايته على قائمة بالمصطلحات العلمية المستخدمة في الكتاب وتعريبها حتى تساعد القارئ على تكوين الصورة الواضحة للموضوع بدون لبس أو غموض.
653 _aجبر
653 _aرياضيات
700 _aصقر، علي محمد
_eمؤلف ثانوي
942 _cكتاب
999 _c45967
_d45967